[Event "GER-chT U16 Girls"]
[Site "Magdeburg"]
[Date "2023.12.29"]
[Round "5.10"]
[White "Blome, Antonia"]
[Black "Senthilkumar, Vasanthi"]
[Result "1-0"]
[WhiteElo "1209"]
[BlackElo "792"]
[PlyCount "67"]
[EventDate "2023.12.26"]
[EventType "team-swiss"]
[EventRounds "7"]
[EventCountry "GER"]
[SourceTitle "CBM 218 Extra"]
[Source "ChessBase"]
[SourceDate "2024.03.31"]
[SourceVersion "1"]
[SourceVersionDate "2024.03.31"]
[SourceQuality "1"]
[WhiteTeam "Hamburger SK II"]
[BlackTeam "Freiburg Zaehringen"]
[WhiteTeamCountry "GER"]
[BlackTeamCountry "GER"]

1. e4 e5 2. Nf3 Nc6 3. d4 d6 4. dxe5 dxe5 5. Qxd8+ Nxd8 6. Nxe5 Bd6 7. Nf3 Nf6 8. e5 Bxe5 9. Nxe5 0-0 10. f4 Bf5 11. Bd3 Bg6 12. Nxg6 fxg6 13. 0-0 Nc6 14. Be3 Rae8 15. Bc5 b6 16. Bxf8 Rxf8 17. Nc3 Ng4 18. h3 Ne3 19. Rf3 Re8 20. g4 Nb4 21. Re1 Nc6 22. Rfxe3 Rxe3 23. Rxe3 a6 24. Bxa6 Nb4 25. Bd3 Kf8 26. a3 Nc6 27. Nb5 Kg8 28. Nxc7 Nd8 29. Re8+ Kf7 30. Rxd8 Kf6 31. g5+ Kf7 32. Re8 b5 33. Bxb5 h6 34. Bc4# 1-0

[Event "GER-chT U16 Girls"]
[Site "Magdeburg"]
[Date "2023.12.28"]
[Round "3.9"]
[White "Senthilkumar, Vasanthi"]
[Black "Popovidou, Laura"]
[Result "0-1"]
[WhiteElo "792"]
[BlackElo "1021"]
[PlyCount "82"]
[EventDate "2023.12.26"]
[EventType "team-swiss"]
[EventRounds "7"]
[EventCountry "GER"]
[SourceTitle "CBM 218 Extra"]
[Source "ChessBase"]
[SourceDate "2024.03.31"]
[SourceVersion "1"]
[SourceVersionDate "2024.03.31"]
[SourceQuality "1"]
[WhiteTeam "Freiburg Zaehringen"]
[BlackTeam "Porz SG II"]
[WhiteTeamCountry "GER"]
[BlackTeamCountry "GER"]

1. e4 e6 2. Nf3 d5 3. Nc3 c5 4. d3 Nf6 5. Bg5 Be7 6. Qd2 Bd7 7. 0-0-0 Qb6 8. Re1 h6 9. Bxf6 Bxf6 10. Be2 g5 11. h3 Bc6 12. Kb1 Nd7 13. Rhg1 a5 14. g4 a4 15. Qc1 Bxc3 16. Rd1 dxe4 17. dxe4 Bxe4 18. Rg3 Bd5 19. Rd3 Bb4 20. a3 c4 21. Re3 Bc5 22. Rc3 Qa6 23. Nd2 b5 24. Bf3 Nf6 25. Bxd5 Nxd5 26. Qe1 Nxc3+ 27. bxc3 Bxa3 28. Qe4 0-0 29. Rd3 cxd3 30. cxd3 Rfc8 31. Nf3 Rxc3 32. h4 Rc1+ 33. Ka2 b4 34. Nd2 Rc2+ 35. Kb1 Rb2+ 36. Ka1 Rxd2 37. Kb1 Qxd3+ 38. Qxd3 Rxd3 39. Ka1 Rd2 40. Kb1 Rc8 41. Ka1 Rc1# 0-1